Meeting in God-experience : (Record no. 124307)
[ view plain ]
| 000 -LEADER | |
|---|---|
| fixed length control field | 01177cam a2200325 a 4500 |
| 001 - CONTROL NUMBER | |
| control field | 11918281 |
| 003 - CONTROL NUMBER IDENTIFIER | |
| control field | ARRUPE |
| 005 - DATE AND TIME OF LATEST TRANSACTION | |
| control field | 20160307085308.0 |
| 008 - FIXED-LENGTH DATA ELEMENTS--GENERAL INFORMATION | |
| fixed length control field | 991206s1999 ii b 000 0 eng |
| 010 ## - LIBRARY OF CONGRESS CONTROL NUMBER | |
| LC control number | 99946627 |
| 025 ## - OVERSEAS ACQUISITION NUMBER | |
| Overseas acquisition number | I-E-99-946627; 505 |
| 035 ## - SYSTEM CONTROL NUMBER | |
| System control number | (DLC) 99946627 |
| 037 ## - SOURCE OF ACQUISITION | |
| Source of stock number/acquisition | Library of Congress -- New Delhi Field Office |
| Terms of availability | Rs60.00 |
| 040 ## - CATALOGING SOURCE | |
| Original cataloging agency | DLC |
| Transcribing agency | DLC |
| Modifying agency | DLC |
| 042 ## - AUTHENTICATION CODE | |
| Authentication code | lcode |
| 050 00 - LIBRARY OF CONGRESS CALL NUMBER | |
| Classification number | BV207 |
| Item number | .D75 1999 |
| 082 00 - DEWEY DECIMAL CLASSIFICATION NUMBER | |
| Classification number | 248.3/2 |
| Edition number | 21 |
| 300 ## - PHYSICAL DESCRIPTION | |
| Dimensions | 22 cm. |
| 100 1# - MAIN ENTRY--PERSONAL NAME | |
| Personal name | D'Souza, Rudolf V., |
| Dates associated with a name | 1960- |
| 9 (RLIN) | 22728 |
| 245 10 - TITLE STATEMENT | |
| Title | Meeting in God-experience : |
| Remainder of title | St. Teresa of Avila and the Bhagavadgitā on prayer / |
| Statement of responsibility, etc | Rudolf V. D'Souza. |
| 260 ## - PUBLICATION, DISTRIBUTION, ETC. (IMPRINT) | |
| Place of publication, distribution, etc | Anand : |
| Name of publisher, distributor, etc | Gujarat Sahitya Prakash, |
| Date of publication, distribution, etc | 1999. |
| 300 ## - PHYSICAL DESCRIPTION | |
| Extent | xv, 186 p. ; |
| 504 ## - BIBLIOGRAPHY, ETC. NOTE | |
| Bibliography, etc | Includes bibliographical references (p. 182-186). |
| 600 00 - SUBJECT ADDED ENTRY--PERSONAL NAME | |
| Personal name | Teresa, |
| Titles and other words associated with a name | of Avila, Saint, |
| Dates associated with a name | 1515-1582. |
| 9 (RLIN) | 11525 |
| 630 00 - SUBJECT ADDED ENTRY--UNIFORM TITLE | |
| Uniform title | Bhagavadgītā |
| General subdivision | Criticism, interpretation, etc. |
| 9 (RLIN) | 22729 |
| 650 #0 - SUBJECT ADDED ENTRY--TOPICAL TERM | |
| Topical term or geographic name as entry element | Prayer |
| General subdivision | Catholic Church. |
| 9 (RLIN) | 11389 |
| 650 #0 - SUBJECT ADDED ENTRY--TOPICAL TERM | |
| Topical term or geographic name as entry element | Prayer |
| General subdivision | Hinduism. |
| 9 (RLIN) | 22730 |
| 906 ## - LOCAL DATA ELEMENT F, LDF (RLIN) | |
| a | 7 |
| b | cbc |
| c | origode |
| d | 3 |
| e | ncip |
| f | 19 |
| g | y-gencatlg |
| 942 ## - ADDED ENTRY ELEMENTS (KOHA) | |
| Source of classification or shelving scheme | Library of Congress Classification |
| Koha item type | Monograph ( Printed materials) |
| Withdrawn status | Lost status | Source of classification or shelving scheme | Damaged status | Not for loan | Collection code | Home library | Current library | Shelving location | Date acquired | Total Checkouts | Full call number | Barcode | Date last seen | Price effective from | Koha item type |
|---|---|---|---|---|---|---|---|---|---|---|---|---|---|---|---|
| Library of Congress Classification | Main Collection | ARRUPE LIBRARY | ARRUPE LIBRARY | Main Collection | 03/03/2016 | BV207 .D75 1999 | 46500006297 | 24/01/2017 | 03/03/2016 | Monograph ( Printed materials) |